[Event "Welper - Münster II"]
[Site "?"]
[Date "2024.02.18"]
[Round "6.2"]
[White "Schaller, Fabian"]
[Black "Junk, Phillip"]
[Result "1-0"]
[WhiteElo "2075"]
[BlackElo "2089"]
[PlyCount "59"]
[EventDate "2024.??.??"]

1. e4 e5 2. d4 exd4 3. Qxd4 Nc6 4. Qd3 Nf6 5. Nc3 Bb4 6. Bd2 d6 7. O-O-O Be6 8. Nge2 Ng4 9. Qg3 Bc5 10. Be1 h5 11. h3 h4 12. hxg4 Rh6 13. Qf4 g5 14. Qd2 Ne5 15. Nd4 Bxg4 16. Be2 Bd7 17. Kb1 c6 18. g3 Qf6 19. gxh4 gxh4 20. f4 Ng6 21. Nb3 Bb4 22. f5 Ne5 23. Qf4 h3 24. a3 Bxc3 25. Bxc3 O-O-O 26. Rxd6 Qxd6 27. Bxe5 Qe7 28. f6 Qe6 29. Bb8 Rdh8 30. Qc7# 1-0

[Event "Welper - Münster II"]
[Site "?"]
[Date "2024.02.18"]
[Round "6.3"]
[White "Schroeder, Lennart"]
[Black "Fuellgrabe, Thomas"]
[Result "0-1"]
[WhiteElo "2101"]
[BlackElo "2168"]
[PlyCount "54"]
[EventDate "2024.??.??"]

1. e4 e5 2. Nf3 Nc6 3. Bb5 a6 4. Ba4 Nf6 5. d3 d6 6. c3 g6 7. O-O Bg7 8. Re1 O-O 9. Nbd2 h6 10. Nf1 Nh7 11. d4 b5 12. Bb3 Na5 13. Bc2 exd4 14. Nxd4 Bb7 15. a4 c5 16. Nb3 Nxb3 17. Bxb3 Nf6 18. Bf4 Re8 19. Ng3 Nxe4 20. Nxe4 Rxe4 21. Rxe4 Bxe4 22. Bd5 Bxd5 23. Qxd5 b4 24. Bxd6 Ra7 25. cxb4 cxb4 26. Qc6 Rd7 27. Re1 Rxd6 0-1

[Event "Welper - Münster II"]
[Site "?"]
[Date "2024.02.18"]
[Round "6.4"]
[White "Linde, Wolfgang"]
[Black "Virnyi, Julius"]
[Result "1-0"]
[WhiteElo "2036"]
[BlackElo "2124"]
[PlyCount "123"]
[EventDate "2024.??.??"]

1. d4 Nf6 2. Nf3 e6 3. c4 Bb4+ 4. Nbd2 O-O 5. e3 d5 6. a3 Be7 7. b3 b6 8. Bd3 Bb7 9. O-O Nbd7 10. Bb2 c5 11. Qe2 Rc8 12. Rac1 cxd4 13. exd4 dxc4 14. bxc4 Re8 15. Rfd1 Qc7 16. Nf1 Bf8 17. Bb1 g6 18. Ng3 Bh6 19. Rc3 Bg7 20. Ba2 e5 21. d5 Nc5 22. Rc2 e4 23. Nd4 a6 24. f3 Nd3 25. Nxe4 Nxb2 26. Rxb2 Nxe4 27. fxe4 Qc5 28. Qd3 Rc7 29. Kh1 Rce7 30. Re2 Kh8 31. h3 h5 32. Nf3 Bc8 33. Rde1 Bd7 34. Qe3 Qd6 35. Qb3 Qg3 36. Qxb6 Bxh3 37. Qf2 Qxf2 38. Rxf2 Bd7 39. Rfe2 Bc3 40. Rc1 Bg7 41. c5 Rxe4 42. Rxe4 Rxe4 43. c6 Bf5 44. d6 Bf6 45. Bxf7 Kg7 46. Bc4 Bb2 47. d7 Bxc1 48. Bd5 Re1+ 49. Nxe1 Bg5 50. Nd3 Kf8 51. Nc5 Bd8 52. Nb7 Ke7 53. Nxd8 Kxd8 54. Kg1 h4 55. Kf2 g5 56. Kf3 Kc7 57. Kf2 Kd8 58. Ke3 Ke7 59. Kd4 a5 60. Kc5 a4 61. Kb6 Kd8 62. Kb7 1-0

[Event "Welper - Münster II"]
[Site "?"]
[Date "2024.02.18"]
[Round "6.5"]
[White "Boesel, Alexander"]
[Black "Schaller, Torsten"]
[Result "0-1"]
[WhiteElo "2013"]
[BlackElo "2001"]
[PlyCount "92"]
[EventDate "2024.??.??"]

1. e4 c5 2. Nf3 e6 3. d4 cxd4 4. Nxd4 Nc6 5. Nc3 Qc7 6. Be3 a6 7. Qd2 Nf6 8. O-O-O Be7 9. f3 b5 10. g4 d6 11. Nxc6 Qxc6 12. Bf4 e5 13. Bg5 Be6 14. Bxf6 Bxf6 15. Qxd6 Qxd6 16. Rxd6 Ke7 17. Rd1 Bg5+ 18. Kb1 Rhd8 19. h4 Bd2 20. Ne2 Be3 21. Bg2 b4 22. Rd3 Rxd3 23. cxd3 Rd8 24. Rd1 Bc4 25. Kc2 Bb5 26. Bf1 a5 27. h5 Rc8+ 28. Kb1 a4 29. Ng3 g6 30. hxg6 hxg6 31. Be2 b3 32. axb3 axb3 33. d4 Bxe2 34. Nxe2 Rc2 35. Nc1 Bxd4 36. Nd3 Kf6 37. Nb4 Rxb2+ 38. Kc1 Rf2 39. f4 Be3+ 40. Kb1 exf4 41. Rd3 b2 42. Rd5 Rd2 43. g5+ Ke6 44. Nd3 f3 45. Re5+ Kd6 46. Rd5+ Kc7 0-1

[Event "Welper - Münster II"]
[Site "?"]
[Date "2024.02.18"]
[Round "6.6"]
[White "Hoettler, Alexander Walter"]
[Black "Kamp, Adrian"]
[Result "0-1"]
[WhiteElo "1879"]
[BlackElo "2091"]
[PlyCount "106"]
[EventDate "2024.??.??"]

1. e4 c5 2. Nf3 Nc6 3. d4 cxd4 4. Nxd4 Nf6 5. Nc3 e5 6. Ndb5 d6 7. Nd5 Nxd5 8. exd5 Nb8 9. c4 a6 10. Nc3 Be7 11. Bd3 O-O 12. O-O f5 13. Qe2 Nd7 14. f4 e4 15. Bc2 Bf6 16. Be3 Qc7 17. Rac1 Bxc3 18. bxc3 Nc5 19. Bd4 Bd7 20. Rfd1 Rfc8 21. Qe3 Be8 22. Rb1 Rab8 23. Kh1 b5 24. cxb5 axb5 25. Qg3 Ra8 26. Bb3 Ra3 27. Qg5 Qf7 28. Re1 h6 29. Qg3 Rc7 30. Bxc5 Rxc5 31. Qe3 Qf6 32. Rbc1 Bf7 33. Red1 Kh7 34. Qd4 Qh4 35. Qe3 Bh5 36. Rd2 Qf6 37. h3 Bf7 38. Qd4 Qxd4 39. Rxd4 Ra8 40. c4 Rac8 41. Rcd1 bxc4 42. Ba4 c3 43. Bb3 Bh5 44. Rc1 c2 45. Kg1 Rc3 46. Kf2 Bd1 47. Rdxd1 cxd1=Q 48. Rxd1 Rc1 49. Rd2 R8c3 50. Re2 Kg6 51. Rb2 e3+ 52. Ke2 Rg1 53. Kf3 Rf1+ 0-1

[Event "Welper - Münster II"]
[Site "?"]
[Date "2024.02.18"]
[Round "6.7"]
[White "Kamp, Aaron"]
[Black "Conrad, Joachim"]
[Result "0-1"]
[WhiteElo "1976"]
[BlackElo "1975"]
[PlyCount "78"]
[EventDate "2024.??.??"]

1. e4 d6 2. d4 Nf6 3. Nc3 e5 4. d5 c6 5. Nf3 Be7 6. h3 Nbd7 7. Be3 Qa5 8. Qd2 O-O 9. Be2 a6 10. O-O Qc7 11. a4 Nc5 12. Bxc5 dxc5 13. dxc6 bxc6 14. a5 Rb8 15. Bc4 Nh5 16. b3 Nf4 17. Ne2 Ne6 18. c3 Bf6 19. Qe3 Nf4 20. Rfd1 Be6 21. Nxf4 exf4 22. Qxc5 Bxc3 23. Bxe6 Bxa1 24. Rd7 Qc8 25. Bf5 Rb5 26. Qd6 Qb8 27. Qxc6 g6 28. Ng5 Qe5 29. Nxh7 Rc5 30. Qxa6 gxf5 31. Nxf8 Kxf8 32. Qh6+ Ke8 33. Rd1 fxe4 34. a6 e3 35. fxe3 Qxe3+ 36. Kh1 Rc1 37. Qd6 Bd4 38. Qb8+ Ke7 39. Qb7+ Kf6 0-1

[Event "Welper - Münster II"]
[Site "?"]
[Date "2024.02.18"]
[Round "6.8"]
[White "Sondermann, Dirk"]
[Black "Seegers, Hendrik"]
[Result "0-1"]
[WhiteElo "1857"]
[BlackElo "2083"]
[PlyCount "106"]
[EventDate "2024.??.??"]

1. d4 d5 2. Nf3 e6 3. c4 c6 4. Nc3 dxc4 5. e3 b5 6. Be2 Nd7 7. O-O Bb7 8. Qc2 Ngf6 9. a3 Be7 10. e4 O-O 11. Bg5 h6 12. Bh4 a6 13. Rad1 Rc8 14. Rfe1 Re8 15. Ne5 Nxe5 16. dxe5 Nd7 17. Bxe7 Qxe7 18. f4 Rcd8 19. Rd6 Nb6 20. Red1 Nc8 21. Rxd8 Rxd8 22. Kf1 Nb6 23. g3 Rd7 24. Rxd7 Qxd7 25. Qd1 Qxd1+ 26. Bxd1 c5 27. Bc2 b4 28. Nd1 Bc6 29. Ke1 Ba4 30. Kd2 Bxc2 31. Kxc2 Kf8 32. Ne3 Ke7 33. h4 h5 34. g4 hxg4 35. Nxg4 a5 36. h5 Na4 37. f5 c3 38. f6+ Kf8 39. bxc3 Nxc3 40. axb4 cxb4 41. Kd3 Kg8 42. Ne3 Kh7 43. Nc4 a4 44. Nd6 Kg8 45. fxg7 Kxg7 46. h6+ Kg8 47. h7+ Kxh7 48. Nxf7 a3 49. Kc2 Nxe4 50. Nd6 Nc5 51. Nb5 b3+ 52. Kb1 a2+ 53. Kb2 Kg6 0-1

[Event "Solingen III - Brühl"]
[Site "?"]
[Date "2024.02.18"]
[Round "6.1"]
[White "Keller, Thomas"]
[Black "Zolfagharian, Kevin"]
[Result "1-0"]
[WhiteElo "2245"]
[BlackElo "2244"]
[PlyCount "99"]
[EventDate "2024.??.??"]

1. e4 e5 2. Nf3 Nf6 3. Nc3 Nc6 4. d4 exd4 5. Nxd4 Nxe4 6. Nxe4 Qe7 7. f3 d5 8. Nxc6 bxc6 9. Qe2 dxe4 10. Qxe4 Qxe4+ 11. fxe4 Be6 12. Bd2 Bc5 13. b3 Rd8 14. Bd3 Bg4 15. Bc3 O-O 16. Rf1 Be3 17. Be2 Bc8 18. Rf3 Bh6 19. Rd1 Rxd1+ 20. Kxd1 Re8 21. Rd3 f5 22. e5 Kf7 23. Bf3 Bb7 24. Rd7+ Re7 25. Rd8 Re8 26. Rd4 Be3 27. Rc4 Re6 28. a4 g5 29. h3 Bf4 30. Rb4 Ba6 31. Rb8 Bxe5 32. Bxe5 Rxe5 33. Ra8 Ra5 34. Bxc6 Kg6 35. b4 Re5 36. Rxa7 Be2+ 37. Kd2 Bf1 38. Rxc7 Re2+ 39. Kd1 Re6 40. b5 h5 41. b6 Ba6 42. b7 Rd6+ 43. Kc1 Bxb7 44. Bxb7 g4 45. Rc6 Rxc6 46. Bxc6 f4 47. hxg4 hxg4 48. a5 f3 49. Bxf3 gxf3 50. gxf3 1-0

[Event "Solingen III - Brühl"]
[Site "?"]
[Date "2024.02.18"]
[Round "6.2"]
[White "Wickenfeld, Stefan"]
[Black "Spilles, Matthias"]
[Result "0-1"]
[WhiteElo "2224"]
[BlackElo "2100"]
[PlyCount "60"]
[EventDate "2024.??.??"]

1. d4 Nf6 2. Nf3 g6 3. g3 Bg7 4. Bg2 O-O 5. O-O d6 6. b3 c5 7. Bb2 cxd4 8. Nxd4 d5 9. Nc3 e5 10. Ndb5 a6 11. Na3 e4 12. e3 b5 13. Nxd5 Nxd5 14. Bxg7 Kxg7 15. Bxe4 Bb7 16. c4 Nc3 17. Qxd8 Ne2+ 18. Kg2 Bxe4+ 19. f3 Rxd8 20. fxe4 Nc3 21. e5 b4 22. Nc2 Nc6 23. e6 fxe6 24. a3 a5 25. Kh3 a4 26. axb4 axb3 27. b5 bxc2 28. bxc6 Rxa1 29. Rxa1 Ne2 30. Ra7+ Kh6 0-1

[Event "Solingen III - Brühl"]
[Site "?"]
[Date "2024.02.18"]
[Round "6.3"]
[White "Schaefer, Juergen"]
[Black "Bashylina, Luisa"]
[Result "0-1"]
[WhiteElo "2140"]
[BlackElo "2117"]
[PlyCount "44"]
[EventDate "2024.??.??"]

1. e4 c5 2. Na3 d6 3. Nf3 a6 4. c3 Nf6 5. e5 dxe5 6. Nxe5 e6 7. d4 cxd4 8. cxd4 Bb4+ 9. Ke2 O-O 10. Nc2 Bd6 11. Be3 Nd5 12. g3 Nd7 13. f4 N7b6 14. Kf2 f6 15. Nc4 Bc7 16. Nxb6 Bxb6 17. Bc4 Nxe3 18. Kxe3 Kh8 19. Kf3 Bd7 20. d5 exd5 21. Bxd5 Qc8 22. Qd3 Bg4+ 0-1

[Event "Solingen III - Brühl"]
[Site "?"]
[Date "2024.02.18"]
[Round "6.4"]
[White "Michalczak, Thomas"]
[Black "Engel, Johann"]
[Result "1/2-1/2"]
[WhiteElo "2203"]
[BlackElo "2127"]
[PlyCount "194"]
[EventDate "2024.??.??"]

1. e4 c6 2. d4 d5 3. Nc3 dxe4 4. Nxe4 Nd7 5. c3 Ngf6 6. Nxf6+ Nxf6 7. Bc4 b5 8. Bd3 e6 9. Nf3 Qb6 10. O-O c5 11. dxc5 Bxc5 12. b4 Be7 13. Be3 Qb7 14. a4 bxa4 15. Qxa4+ Bd7 16. Qa6 Qc7 17. Rfc1 O-O 18. Bxa7 Nd5 19. Be4 Rfc8 20. g3 Bf6 21. Ra3 Nxb4 22. Qb7 Nc6 23. Qxc7 Rxc7 24. Bc5 Rxa3 25. Bxa3 g6 26. Bd6 Rc8 27. c4 Na5 28. c5 Bc6 29. Bxc6 Nxc6 30. Kf1 Be7 31. Bxe7 Nxe7 32. Ke2 Kf8 33. Kd3 Ke8 34. Kc4 Kd8 35. Ng5 Kc7 36. f4 Rf8 37. Ra1 Nc6 38. Nxh7 Rh8 39. Ng5 Rxh2 40. Nxf7 Rc2+ 41. Kd3 Rxc5 42. Ke4 Rc3 43. Ne5 g5 44. fxg5 Rxg3 45. Rc1 Rxg5 46. Rxc6+ Kb7 47. Rxe6 Rg1 48. Kd5 Rd1+ 49. Kc5 Rc1+ 50. Nc4 Kc7 51. Re7+ Kd8 52. Rh7 Ke8 53. Kd5 Kf8 54. Ne5 Ra1 55. Ke6 Ra6+ 56. Kf5 Ke8 57. Nc4 Rc6 58. Na5 Ra6 59. Nb7 Rb6 60. Ke5 Rb1 61. Nd6+ Kd8 62. Ne4 Re1 63. Kd5 Rd1+ 64. Kc6 Rc1+ 65. Nc5 Ke8 66. Kd5 Rd1+ 67. Ke5 Re1+ 68. Ne4 Kd8 69. Rg7 Rd1 70. Nf6 Re1+ 71. Kd6 Rd1+ 72. Nd5 Ke8 73. Rb7 Rd2 74. Ke5 Re2+ 75. Kf5 Rf2+ 76. Nf4 Rf1 77. Ke6 Re1+ 78. Kd6 Rd1+ 79. Nd5 Rd2 80. Rb1 Kf7 81. Rg1 Ra2 82. Rf1+ Kg6 83. Ne7+ Kg5 84. Nd5 Re2 85. Nc3 Re3 86. Rg1+ Kf5 87. Nd5 Re6+ 88. Kc5 Re8 89. Rf1+ Kg5 90. Nf6 Rd8 91. Ne4+ Kg4 92. Nd6 Ra8 93. Kd4 Ra4+ 94. Nc4 Kg5 95. Kd5 Ra8 96. Ne3 Rd8+ 97. Ke4 Re8+ 1/2-1/2

[Event "Solingen III - Brühl"]
[Site "?"]
[Date "2024.02.18"]
[Round "6.5"]
[White "Kubitza, Georg"]
[Black "Kniest, Oliver"]
[Result "1/2-1/2"]
[WhiteElo "1980"]
[BlackElo "2260"]
[PlyCount "114"]
[EventDate "2024.??.??"]

1. d4 Nf6 2. Nf3 e6 3. c4 d5 4. Nc3 c6 5. e3 Nbd7 6. Qc2 Bd6 7. Be2 O-O 8. O-O dxc4 9. Bxc4 b5 10. Bd3 Bb7 11. Rd1 Qe7 12. b3 Rac8 13. Bb2 a6 14. Rac1 c5 15. Qe2 Rfe8 16. e4 cxd4 17. Nxd4 Bf4 18. Rc2 Ne5 19. g3 Nxd3 20. Rxd3 Bb8 21. f3 Ba7 22. Kg2 Red8 23. Rcd2 b4 24. Nd1 Nd7 25. Nc2 Bc6 26. Nd4 Bb7 27. Nc2 a5 28. Nce3 Nc5 29. Rxd8+ Rxd8 30. Nc4 a4 31. Na5 Ba8 32. Ne3 axb3 33. axb3 Bb6 34. Nec4 Bc7 35. Qd1 f6 36. Bd4 Rc8 37. Be3 h6 38. h4 Rf8 39. Nd6 Bxa5 40. Bxc5 Qc7 41. Be3 Qb8 42. Qa1 Bb6 43. Bxb6 Qxb6 44. Nc4 Qc7 45. Qa6 e5 46. g4 Rd8 47. Qe6+ Kh7 48. Rxd8 Qxd8 49. Nd6 Bc6 50. h5 Qd7 51. Qxd7 Bxd7 52. Nb7 g6 53. Nc5 Bb5 54. hxg6+ Kxg6 55. Kf2 Be8 56. Nd3 Bf7 57. Nxb4 Bxb3 1/2-1/2

[Event "Solingen III - Brühl"]
[Site "?"]
[Date "2024.02.18"]
[Round "6.6"]
[White "Borchert, Stephan"]
[Black "Guelsen, Taylan"]
[Result "0-1"]
[WhiteElo "2077"]
[BlackElo "2136"]
[PlyCount "32"]
[EventDate "2024.??.??"]

1. e4 e5 2. Nf3 Nc6 3. Bb5 a6 4. Ba4 Nf6 5. O-O b5 6. Bb3 Be7 7. Re1 O-O 8. c3 d5 9. d4 dxe4 10. Nxe5 Nxe5 11. dxe5 Ng4 12. Qd5 Be6 13. Qxe4 Bc5 14. Be3 Bxe3 15. fxe3 Qh4 16. Na3 Qf2+ 0-1

[Event "Solingen III - Brühl"]
[Site "?"]
[Date "2024.02.18"]
[Round "6.8"]
[White "Boos, Markus"]
[Black "Heuser, Friedhelm"]
[Result "0-1"]
[WhiteElo "2138"]
[BlackElo "2002"]
[PlyCount "88"]
[EventDate "2024.??.??"]

1. d4 Nf6 2. c4 e6 3. g3 c5 4. d5 exd5 5. cxd5 d6 6. Nc3 g6 7. Bg2 Bg7 8. Nf3 O-O 9. O-O Qe7 10. Nd2 Nbd7 11. h3 Rb8 12. a4 a6 13. Nc4 Ne5 14. Na3 Nh5 15. e4 f5 16. exf5 Bxf5 17. g4 Bxg4 18. hxg4 Qh4 19. gxh5 Ng4 20. Qxg4 Qxg4 21. hxg6 Rbe8 22. gxh7+ Kxh7 23. Nd1 Be5 24. Nc2 Rg8 25. Nde3 Qh4 26. f4 Bxf4 27. Rf3 Qh2+ 28. Kf1 Rxg2 29. Nxg2 Bxc1 30. Raa3 Bh6 31. Rab3 Re7 32. Rh3 Rf7+ 33. Rbf3 Qxh3 34. Rxf7+ Kg6 35. Rf2 Qd3+ 36. Ke1 Qxd5 37. Nh4+ Kh7 38. Nf3 Qb3 39. Na3 Qxa4 40. Re2 Qf4 41. Nd2 d5 42. Kd1 b5 43. Nab1 b4 44. Re7+ Kg8 0-1

[Event "Münster II - Solingen 3"]
[Site "?"]
[Date "2024.03.10"]
[Round "7.1"]
[White "Zolfagharian, Kevin"]
[Black "Weidemann, Jakob"]
[Result "1/2-1/2"]
[WhiteElo "2233"]
[BlackElo "2119"]
[PlyCount "37"]
[EventDate "2024.??.??"]

1. Nf3 Nf6 2. g3 b6 3. Bg2 Bb7 4. d4 e6 5. c4 Bb4+ 6. Bd2 Be7 7. O-O O-O 8. Nc3 d5 9. cxd5 Nxd5 10. Qc2 Nd7 11. Rfd1 c5 12. Nxd5 exd5 13. dxc5 Nxc5 14. Bf4 Rc8 15. Bh3 Ne6 16. Qd2 Bf6 17. Be5 Re8 18. Bxf6 Qxf6 19. Rac1 1/2-1/2

[Event "Münster II - Solingen 3"]
[Site "?"]
[Date "2024.03.10"]
[Round "7.2"]
[White "Junk, Phillip"]
[Black "Wickenfeld, Stefan"]
[Result "1/2-1/2"]
[WhiteElo "2079"]
[BlackElo "2211"]
[PlyCount "153"]
[EventDate "2024.??.??"]

1. e4 d5 2. exd5 Nf6 3. Bb5+ Bd7 4. Be2 Nxd5 5. d4 g6 6. Nf3 Bg7 7. c4 Nb6 8. Nc3 O-O 9. O-O Bf5 10. Be3 Nc6 11. Rc1 Qd7 12. d5 Ne5 13. Nxe5 Bxe5 14. Bxb6 axb6 15. g4 Qd6 16. gxf5 Bxh2+ 17. Kg2 gxf5 18. Rh1 Bf4 19. Rc2 Kh8 20. Qd3 Rg8+ 21. Kf1 Rg5 22. Qh3 Qg6 23. Bd3 e5 24. dxe6 fxe6 25. Ne2 Bd6 26. a3 e5 27. Rc1 e4 28. Bc2 Be5 29. Rd1 Bxb2 30. Nf4 Qf7 31. Qb3 Be5 32. Nd5 Qg7 33. Qh3 Rg8 34. Qh6 Qf7 35. Qh3 R8g7 36. Ne3 Bd6 37. Rd5 Bc5 38. Ke2 f4 39. Rxg5 Rxg5 40. Bxe4 fxe3 41. Qxh7+ Qxh7 42. Rxh7+ Kg8 43. fxe3 Rg3 44. Rh4 Rxe3+ 45. Kd2 c6 46. a4 Ra3 47. Bc2 Bb4+ 48. Kd1 Rg3 49. Bf5 Rg1+ 50. Kc2 Re1 51. Re4 Ra1 52. Bc8 c5 53. Bd7 Kf7 54. Re5 Rh1 55. Rd5 Rh4 56. Bb5 Ke6 57. Kd3 Rh7 58. Ke4 Bc3 59. Kd3 Be5 60. Ke3 Bd6 61. Kd3 Rh3+ 62. Kd2 Ke7 63. Ke2 Rh4 64. Ke3 Rg4 65. Rh5 Rg7 66. Ke4 Kd8 67. Rh8+ Kc7 68. Rh5 Bg3 69. Rh6 Bf2 70. Rh5 Re7+ 71. Re5 Rh7 72. Rd5 Rh4+ 73. Kf3 Be1 74. Rd7+ Kc8 75. Rd6 Ba5 76. Rd5 Rd4 77. Rxd4 1/2-1/2

[Event "Münster II - Solingen 3"]
[Site "?"]
[Date "2024.03.10"]
[Round "7.3"]
[White "Michalczak, Thomas"]
[Black "Schroeder, Lennart"]
[Result "1-0"]
[WhiteElo "2188"]
[BlackElo "2093"]
[PlyCount "69"]
[EventDate "2024.??.??"]

1. e4 c5 2. Nf3 Nc6 3. Bb5 g6 4. Bxc6 dxc6 5. h3 Bg7 6. d3 Nf6 7. Nc3 Nd7 8. Be3 O-O 9. Qd2 Re8 10. O-O e5 11. Nh2 Qe7 12. f4 exf4 13. Rxf4 Ne5 14. Raf1 b6 15. R4f2 Be6 16. Bg5 Qd7 17. Bf6 Bxf6 18. Rxf6 Qd4+ 19. Kh1 Rad8 20. Qh6 c4 21. Ne2 Qxb2 22. d4 Nd7 23. Ng4 Re7 24. e5 Bxg4 25. hxg4 Nxe5 26. dxe5 Qxe5 27. Ng1 Qe4 28. R1f3 Qd4 29. c3 Qe5 30. g5 Rd3 31. Rxc6 Qe4 32. Rxf7 Kxf7 33. Qxh7+ Kf8 34. Qh8+ Kf7 35. Rf6# 1-0

[Event "Münster II - Solingen 3"]
[Site "?"]
[Date "2024.03.10"]
[Round "7.4"]
[White "Virnyi, Julius"]
[Black "Kniest, Oliver"]
[Result "0-1"]
[WhiteElo "2112"]
[BlackElo "2262"]
[PlyCount "40"]
[EventDate "2024.??.??"]

1. d4 Nf6 2. c4 e6 3. Nf3 d5 4. g3 dxc4 5. Bg2 c5 6. O-O Nc6 7. Ne5 Bd7 8. Na3 cxd4 9. Naxc4 Rc8 10. Qb3 Nxe5 11. Nxe5 Bc6 12. Bxc6+ bxc6 13. Bf4 Bd6 14. Rac1 g5 15. Qb7 Qc7 16. Qxc7 Rxc7 17. Bxg5 Bxe5 18. Rc5 Nd7 19. Rxe5 Nxe5 20. Bf6 Ng6 0-1

[Event "Münster II - Solingen 3"]
[Site "?"]
[Date "2024.03.10"]
[Round "7.5"]
[White "Borchert, Stephan"]
[Black "Kamp, Adrian"]
[Result "0-1"]
[WhiteElo "2069"]
[BlackElo "2075"]
[PlyCount "80"]
[EventDate "2024.??.??"]

1. e4 c5 2. Nf3 Nc6 3. d4 cxd4 4. Nxd4 Nf6 5. Nc3 e5 6. Ndb5 d6 7. Nd5 Nxd5 8. exd5 Nb8 9. a4 Be7 10. Bd3 O-O 11. O-O f5 12. f4 Nd7 13. Be3 a6 14. Na3 exf4 15. Bxf4 Ne5 16. Kh1 Bf6 17. c3 Bd7 18. Be2 g5 19. Be3 Qe8 20. Bh5 Qe7 21. Re1 g4 22. Bf4 Bg7 23. Nc4 b5 24. Nxd6 Qxd6 25. Qd4 Be8 26. Bxg4 fxg4 27. Bxe5 Qg6 28. axb5 Bxb5 29. c4 Bd7 30. c5 Bxe5 31. Rxe5 Rae8 32. c6 Qg7 33. Rxe8 Bxe8 34. Qxg7+ Kxg7 35. Kg1 Rf5 36. Re1 Kf8 37. c7 Bd7 38. d6 Rf7 39. Ra1 Bc8 40. b4 Ke8 0-1

[Event "Münster II - Solingen 3"]
[Site "?"]
[Date "2024.03.10"]
[Round "7.6"]
[White "Kamp, Aaron"]
[Black "Peschel, Andreas"]
[Result "0-1"]
[WhiteElo "1980"]
[BlackElo "2027"]
[PlyCount "52"]
[EventDate "2024.??.??"]

1. e4 g6 2. d4 Bg7 3. Be3 d5 4. e5 Nh6 5. Bd3 O-O 6. h4 c5 7. h5 Ng4 8. c3 Nc6 9. Nf3 cxd4 10. cxd4 Nxe3 11. fxe3 Bg4 12. Rh4 Bxf3 13. gxf3 e6 14. Rh1 Qg5 15. Qe2 Nxd4 16. exd4 Qc1+ 17. Qd1 Qxb2 18. Nd2 Qxd4 19. Nb3 Qxe5+ 20. Kf2 a5 21. Qd2 a4 22. Rae1 Qc7 23. hxg6 fxg6 24. Rxh7 axb3 25. Qg5 Bd4+ 26. Kg2 Rxa2+ 0-1

[Event "Münster II - Solingen 3"]
[Site "?"]
[Date "2024.03.10"]
[Round "7.8"]
[White "Klugstedt, Vincent"]
[Black "Erkay, Necip Ali"]
[Result "1-0"]
[WhiteElo "1912"]
[BlackElo "1876"]
[PlyCount "91"]
[EventDate "2024.??.??"]

1. d4 Nf6 2. c4 e6 3. Nc3 Bb4 4. Qc2 O-O 5. Nf3 d5 6. Bg5 h6 7. Bxf6 Qxf6 8. a3 Bxc3+ 9. Qxc3 c6 10. e3 Nd7 11. Rc1 Re8 12. Be2 Nf8 13. O-O Qe7 14. b4 f6 15. Rfd1 Bd7 16. a4 Rec8 17. Qb3 Be8 18. Rc3 Bf7 19. Rdc1 Qd7 20. cxd5 cxd5 21. Bb5 Rxc3 22. Qxc3 Qd8 23. a5 a6 24. Ba4 Be8 25. Bxe8 Qxe8 26. Qc7 Rb8 27. g3 Qd8 28. Ne1 Qxc7 29. Rxc7 e5 30. dxe5 fxe5 31. Nd3 Ne6 32. Re7 e4 33. Nf4 Nxf4 34. gxf4 b6 35. Ra7 bxa5 36. bxa5 Rb1+ 37. Kg2 Ra1 38. Rxa6 Kf7 39. Ra8 g6 40. a6 Kg7 41. a7 Ra2 42. Kf1 h5 43. h4 Kh7 44. Ke1 Kg7 45. Kd1 Kh7 46. Kc1 1-0

[Event "Bielefeld - Welper"]
[Site "?"]
[Date "2024.03.10"]
[Round "7.1"]
[White "Bastians, Felix"]
[Black "Forchert, Martin"]
[Result "0-1"]
[WhiteElo "2162"]
[BlackElo "2310"]
[PlyCount "74"]
[EventDate "2024.??.??"]

1. e4 d5 2. exd5 Qxd5 3. Nc3 Qd6 4. d4 Nf6 5. Bd3 a6 6. Nge2 e6 7. Bf4 Qd8 8. Qd2 b5 9. O-O-O Bb7 10. f3 Nbd7 11. Ne4 Be7 12. h4 Nd5 13. Be5 Nxe5 14. dxe5 c5 15. Ng5 Qc7 16. Nf4 Qxe5 17. Nh5 Bf6 18. c3 h6 19. Rde1 Bxg5 20. hxg5 Qxg5 21. f4 Qe7 22. Nxg7+ Kf8 23. Nh5 Rd8 24. Qe2 Rg8 25. Be4 Ba8 26. Bf3 Qd6 27. g3 Rg6 28. Be4 f5 29. Bf3 c4 30. Rd1 Kf7 31. Rhe1 Bc6 32. Qf2 b4 33. cxb4 Qxb4 34. Qa7+ Rd7 35. Qd4 c3 36. bxc3 Qa3+ 37. Kb1 Nxc3+ 0-1

[Event "Bielefeld - Welper"]
[Site "?"]
[Date "2024.03.10"]
[Round "7.2"]
[White "Gruen, Gerd-Peter"]
[Black "Schaller, Fabian"]
[Result "1/2-1/2"]
[WhiteElo "2257"]
[BlackElo "2085"]
[PlyCount "66"]
[EventDate "2024.??.??"]

1. d4 e6 2. Nf3 Nf6 3. c4 c5 4. d5 exd5 5. cxd5 d6 6. Nc3 g6 7. g3 Bg7 8. Bg2 O-O 9. O-O Re8 10. Bf4 Bf5 11. h3 Ne4 12. Rc1 Nxc3 13. bxc3 b5 14. g4 Be4 15. Nd2 Bxg2 16. Kxg2 Qf6 17. Bg3 Nd7 18. e4 a5 19. f4 Nb6 20. Qf3 Ra7 21. g5 Qd8 22. h4 Na4 23. c4 b4 24. e5 dxe5 25. fxe5 Bxe5 26. Ne4 Nc3 27. Bxe5 Rxe5 28. Nxc3 bxc3 29. Rxc3 Rae7 30. Qf6 Qd7 31. Rg3 Re2+ 32. Rf2 R2e4 33. h5 gxh5 1/2-1/2

[Event "Bielefeld - Welper"]
[Site "?"]
[Date "2024.03.10"]
[Round "7.3"]
[White "Fuellgrabe, Thomas"]
[Black "Simon, Hans Christian"]
[Result "1/2-1/2"]
[WhiteElo "2176"]
[BlackElo "2159"]
[PlyCount "81"]
[EventDate "2024.??.??"]

1. e4 e5 2. Nf3 Nf6 3. Nc3 Nc6 4. h3 Bb4 5. Bc4 Nxe4 6. Nxe4 d5 7. Bd3 O-O 8. O-O dxe4 9. Bxe4 Bd6 10. Re1 Re8 11. c3 h6 12. d3 Bd7 13. Be3 f5 14. Bd5+ Kh8 15. Ng5 Qf6 16. Qh5 Rf8 17. Nf7+ Kh7 18. Bg5 Qg6 19. Qxg6+ Kxg6 20. Nxd6 cxd6 21. Bxc6 Bxc6 22. Be7 Rfe8 23. Bxd6 Rad8 24. Bxe5 Rxd3 25. Bd4 Rd2 26. Rxe8 Bxe8 27. Re1 Kf7 28. Bxa7 Rxb2 29. Bc5 Bc6 30. Re7+ Kf6 31. Rc7 g6 32. Bd4+ Kg5 33. Rf7 Rxa2 34. Kh2 f4 35. Bf6+ Kh5 36. Bd4 g5 37. Rg7 Re2 38. Kg1 Re1+ 39. Kh2 Re2 40. Kg1 Re1+ 41. Kh2 1/2-1/2

[Event "Bielefeld - Welper"]
[Site "?"]
[Date "2024.03.10"]
[Round "7.4"]
[White "Goessling, Guido"]
[Black "Kemna, Guido"]
[Result "0-1"]
[WhiteElo "2183"]
[BlackElo "2150"]
[PlyCount "82"]
[EventDate "2024.??.??"]

1. e4 c6 2. d4 d5 3. Nc3 dxe4 4. Nxe4 Nf6 5. Nxf6+ gxf6 6. c3 Bf5 7. Nf3 e6 8. g3 Bg7 9. Bg2 Nd7 10. O-O O-O 11. Re1 Bg4 12. h3 Bxf3 13. Qxf3 f5 14. Bf4 Re8 15. Rad1 Nf8 16. h4 Ng6 17. Bg5 Bf6 18. Bc1 Qd5 19. h5 Qxf3 20. Bxf3 Ne7 21. Kg2 Red8 22. Bf4 Rd7 23. g4 fxg4 24. Bxg4 Nd5 25. Bg3 Bg5 26. a3 Rad8 27. Be5 b5 28. Rg1 Kf8 29. Kf3 Bf6 30. Bh2 Nb6 31. Bf4 Nc4 32. Bc1 c5 33. Ke4 cxd4 34. Be2 dxc3 35. b3 Rd4+ 36. Kf3 Nd2+ 37. Bxd2 Rxd2 38. Rxd2 Rxd2 39. Rc1 c2 40. Ke3 Bg5+ 41. f4 Bxf4+ 0-1

[Event "Bielefeld - Welper"]
[Site "?"]
[Date "2024.03.10"]
[Round "7.5"]
[White "Linde, Wolfgang"]
[Black "Winkler, Yonathan"]
[Result "1-0"]
[WhiteElo "2048"]
[BlackElo "2022"]
[PlyCount "105"]
[EventDate "2024.??.??"]

1. d4 d5 2. Nf3 Nf6 3. c4 c6 4. e3 Bf5 5. Nc3 e6 6. Nh4 Bg6 7. Qb3 Qc7 8. Nxg6 hxg6 9. g3 Bd6 10. Bg2 Nbd7 11. O-O Kf8 12. cxd5 exd5 13. Bd2 Re8 14. Rac1 Qb8 15. Ne2 Ne4 16. Bb4 Nb6 17. f3 Bxb4 18. fxe4 Bd2 19. Rc2 Nc4 20. Rxd2 Nxd2 21. Qb4+ Kg8 22. Qxd2 dxe4 23. Qc2 Qc8 24. Qb3 Qd7 25. Nc3 Rh5 26. Nxe4 Rb5 27. Qa3 b6 28. Qd6 Rd5 29. Qxd7 Rxd7 30. Kf2 Re6 31. Nc3 Kf8 32. Rc1 Rdd6 33. Ne2 g5 34. e4 c5 35. d5 Re5 36. Nc3 Rh6 37. h3 g4 38. hxg4 Rg5 39. Rd1 Rxg4 40. e5 Rh5 41. Bf3 Rf5 42. d6 Rd4 43. Rh1 Ke8 44. Ne2 Rd3 45. Nf4 Rxf3+ 46. Kxf3 Rxe5 47. Rd1 Kd7 48. g4 g5 49. Nh5 f5 50. Nf6+ Kc8 51. Rh1 fxg4+ 52. Kxg4 Re6 53. Rh8+ 1-0

[Event "Bielefeld - Welper"]
[Site "?"]
[Date "2024.03.10"]
[Round "7.7"]
[White "Conrad, Joachim"]
[Black "Koehler, Justus"]
[Result "1/2-1/2"]
[WhiteElo "1991"]
[BlackElo "2074"]
[PlyCount "31"]
[EventDate "2024.??.??"]

1. d4 Nf6 2. Bg5 d5 3. Nf3 Ne4 4. Bf4 c5 5. e3 Nc6 6. c3 Qb6 7. Qb3 c4 8. Qxb6 axb6 9. Nbd2 Nxd2 10. Kxd2 f6 11. Bc7 b5 12. Be2 e5 13. dxe5 Kd7 14. Bd6 Bxd6 15. exd6 Kxd6 16. Rhd1 1/2-1/2